Les collectionneurs - 5 - Statistiques

Statistiques générales
  • Ce quiz a été pris 111 fois
  • Le résultat moyen est 9 sur 15
Statistiques - réponses
Hint Réponse % Correct
Ovokindersurprisophile Surprises des oeufs Kinder
96%
Philatéliste Timbres
95%
Pipomane Pipes
94%
Phonephile Téléphones
94%
Pachydermophile Eléphants
85%
Placophile Plaques d'immatriculation
81%
Pyrophile Briquets
71%
Oenosémiophile Etiquettes de bouteilles de vin
67%
Papibeverophile Buvards publicitaire
56%
Philuméniste Boîtes d'allumettes
50%
Obituarophile Faire-part de décès
46%
Philopiniste Pin's
46%
Placomusophile Plaques de champagne
25%
Phalériste Collectionneur de décorations
17%
Plangonophile Poupées
12%
Aucun quiz correspondant
Distribution des résultats
% des personnes avec chaque résultat
Percentile par nombre de réponses
Votre historique - résultats
Vous n’avez pas pris ce quiz